| 000 | 00637nam a2200169 a 4500 | ||
|---|---|---|---|
| 001 | 000023259 | ||
| 005 | 20200930022108.0 | ||
| 008 | 101201s1981 is ac r 000 0 spa d | ||
| 040 |
_aDO-SdBNP _bspa _cBNPHU |
||
| 082 |
_annnn _bM621c |
||
| 100 | 1 |
_aMichael, Michael, _947892 |
|
| 245 | 1 | 0 |
_aConversaciones en Jerusalen : _bIsrael frente a la presente década / _cM. Michael. |
| 260 |
_aJerusalén : _bInstituto central de relaciones culturales Israel-Iberoamérica, España y Portugal, _c1981. |
||
| 300 |
_a92 p. : _bil., retrs. ; _c21 cm. |
||
| 504 | _aIncluye referencias bibliográficas y notas al pie de las páginas. | ||
| 049 | _aBNGR | ||
| 999 |
_c22756 _d22756 |
||